00726nam a2200205 a 450000100060000000300090000600500170001500800410003203500190007304000260009204100080011808200300012610000220015624501340017826000610031230000330037350400500040665000300045665000340048659383BD-RjUL 20211209080725.0161224s1989 ii b 001 0 eng d a(BD-RjUL)59507 aBD-RjULbengcBD-RjUL aeng 223 a342.0954 bGUC 1989  aGupta, Manik lal 10aConstitutional development of India :b from the Regulating Act (1773) to the Indian Independence Act (1947) / cManik Lal Gupta  aNew Delhi :bAtlantic Publishers & Distributors,c1989.  axii, 186 p. :bill. ;c22 cm aIncludes bibliographical references and index aConstitutional LawzIndia aConstitutional HistoryzIndia